Инструкция по изучению и оценке попутных твердых полезных ископаемых и компонентов при разведке месторождений угля и горючих сланцев

Dades bibliogràfiques
Autor corporatiu: СССР Министерство геологии (Мингео)
Sumari:Утв. 17 мая 1986 г.
Idioma:rus
Publicat: Москва, Наука, 1987
Matèries:
Format: Llibre
KOHA link:https://koha.lib.tpu.ru/cgi-bin/koha/opac-detail.pl?biblionumber=94299

MARC

LEADER 00000nam0a2200000 4500
001 94299
005 20231031105611.0
020 |a RU  |b 87-44765 
035 |a (RuTPU)RU\TPU\book\100997 
090 |a 94299 
100 |a 20060410d1987 m a0rusy5003 ca 
101 0 |a rus 
102 |a RU 
105 |a y z 001zy 
200 1 |a Инструкция по изучению и оценке попутных твердых полезных ископаемых и компонентов при разведке месторождений угля и горючих сланцев  |f Министерство геологии СССР 
210 |a Москва  |c Наука  |d 1987 
215 |a 135,[1] с.  |d 22 см 
300 |a Утв. 17 мая 1986 г. 
320 |a Библиогр.: с. 130-134 (62 назв.) 
610 1 |a угольные месторождения 
610 1 |a сланцевые месторождения 
610 1 |a минеральное сырье 
610 1 |a поиски 
610 1 |a разведка 
610 1 |a использование комплексное 
675 |a 553.94:550.8  |z rus 
712 0 1 |a СССР  |b Министерство геологии (Мингео)  |c (1946-1953, 1965-1991)  |2 stltpush  |3 (RuTPU)RU\TPU\col\9548 
801 0 |a RU  |b RuMRKP  |c 19960705  |g psbo 
801 1 |a RU  |b 63413507  |c 20060410  |g PSBO 
801 2 |a RU  |b 63413507  |c 20160421  |g PSBO 
942 |c BK